000 00788cam a2200265 i 4500
008
020 _a0471977802 (hbk.)
049 _aMAIN
090 _aTE251.Y6 YOD
100 1 _aYoder, Eldon J.
245 1 0 _aPrinciples of pavement design /
_cE. J. Yoder, M. W. Witczak.
250 _a2d ed.
260 _aNew York :
_bWiley,
_c1975
300 _axiii, 711 p. :
_bill. ;
_c26 cm.
500 _a"A Wiley-Interscience publication."
500 _aIncludes index.
504 _aIncludes bibliographical references.
650 0 _aPavements
_xDesign and construction.
700 1 _aWitczak, Matthew W.
907 _a.b10001864
_b21-03-13
_c17-04-03
003
005 20230123133831.0
040 _cNUST
942 _cBOOKS
_kTE251.Y6 YOD
999 _c155428
_d155428